Muslim political participation in Europe / (Record no. 14253)
[ view plain ]
| 000 -LEADER | |
|---|---|
| fixed length control field | 01162cam a2200337Ma 4500 |
| 001 - CONTROL NUMBER | |
| control field | 10239506 |
| 005 - DATE AND TIME OF LATEST TRANSACTION | |
| control field | 20170105102850.0 |
| 008 - FIXED-LENGTH DATA ELEMENTS--GENERAL INFORMATION | |
| fixed length control field | 121130s2013 stka b 001 0 eng d |
| 020 ## - INTERNATIONAL STANDARD BOOK NUMBER | |
| International Standard Book Number | 9780748646944 (hardback) |
| 020 ## - INTERNATIONAL STANDARD BOOK NUMBER | |
| International Standard Book Number | 0748646949 (hardback) |
| 024 ## - OTHER STANDARD IDENTIFIER | |
| Standard number or code | 40022121417 |
| 035 ## - SYSTEM CONTROL NUMBER | |
| System control number | (OCoLC)820779668 |
| Canceled/invalid control number | (OCoLC)794366454 |
| 035 ## - SYSTEM CONTROL NUMBER | |
| System control number | (OCoLC)ocn820779668 |
| 035 ## - SYSTEM CONTROL NUMBER | |
| System control number | (NNC)10239506 |
| 040 ## - CATALOGING SOURCE | |
| Original cataloging agency | UKMGB |
| Language of cataloging | eng |
| Transcribing agency | UKMGB |
| Modifying agency | OCLCO |
| -- | BTCTA |
| -- | YDXCP |
| -- | NhCcYBP |
| 050 #4 - LIBRARY OF CONGRESS CALL NUMBER | |
| Classification number | JN94.A91 |
| Item number | M87 2013 |
| 082 04 - DEWEY DECIMAL CLASSIFICATION NUMBER | |
| Classification number | 323.042088297 |
| Edition number | 23 |
| 245 00 - TITLE STATEMENT | |
| Title | Muslim political participation in Europe / |
| Statement of responsibility, etc. | edited by Jørgen S. Nielsen. |
| 260 ## - PUBLICATION, DISTRIBUTION, ETC. | |
| Place of publication, distribution, etc. | Edinburgh : |
| Name of publisher, distributor, etc. | Edinburgh University Press, |
| Date of publication, distribution, etc. | c2013. |
| 300 ## - PHYSICAL DESCRIPTION | |
| Extent | viii, 347 p. : |
| Other physical details | ill. ; |
| Dimensions | 24 cm. |
| 504 ## - BIBLIOGRAPHY, ETC. NOTE | |
| Bibliography, etc. note | Includes bibliographical references and index. |
| 650 #0 - SUBJECT ADDED ENTRY--TOPICAL TERM | |
| Topical term or geographic name entry element | Muslims |
| General subdivision | Political activity |
| Geographic subdivision | Europe, Western. |
| 650 #0 - SUBJECT ADDED ENTRY--TOPICAL TERM | |
| Topical term or geographic name entry element | Islam and politics |
| Geographic subdivision | Europe, Western. |
| 650 #0 - SUBJECT ADDED ENTRY--TOPICAL TERM | |
| Topical term or geographic name entry element | Muslims |
| Geographic subdivision | Europe, Western |
| General subdivision | Politics and government. |
| 650 #0 - SUBJECT ADDED ENTRY--TOPICAL TERM | |
| Topical term or geographic name entry element | Political participation |
| Geographic subdivision | Europe, Western. |
| 700 1# - ADDED ENTRY--PERSONAL NAME | |
| Personal name | Nielsen, Jørgen. |
| 942 ## - ADDED ENTRY ELEMENTS (KOHA) | |
| Source of classification or shelving scheme | |
| Koha item type | Book |
| 948 1# - LOCAL PROCESSING INFORMATION (OCLC); SERIES PART DESIGNATOR (RLIN) | |
| Series part designator, SPT (RLIN) | 20130415 |
| b (OCLC) | c |
| c (OCLC) | ybp22 |
| d (OCLC) | MPS |
| 949 ## - LOCAL PROCESSING INFORMATION (OCLC) | |
| i | 0073202614 |
| Withdrawn status | Lost status | Damaged status | Not for loan | Collection code | Permanent Location | Current Location | Shelving location | Date acquired | Total Checkouts | Full call number | Barcode | Date last seen | Price effective from | Koha item type |
|---|---|---|---|---|---|---|---|---|---|---|---|---|---|---|
| Centre for International Peace & Stability (CIPS) | Centre for International Peace & Stability (CIPS) | General Stacks | 08/05/2013 | 297.042 MUS 2013 | CIPS0000486 | 08/21/2013 | 01/05/2017 | Book |
